Statistics for Technology Brand Logos by Picture

Click here to take the quiz!

General Stats

  • This quiz has been taken 40 times
  • The average score is 13 of 16

Answer Stats

Answer% Correct
Apple
100%
Google
100%
Amazon
97%
Facebook
97%
Microsoft
97%
Netflix
97%
Youtube
97%
Oracle
92%
LinkedIn
89%
Cisco
86%
IBM
86%
Verizon
76%
Adobe
68%
AT&T
59%
Accenture
54%
Tencent
41%

Score Distribution

Percentile by Number Answered

Percent of People with Each Score

Your Score History

You have not taken this quiz